Guess Harry Potter Movie - Based on Warner Bros Logo - Statistics

General Stats
  • This quiz has been taken 27 times
  • The average score is 6 of 8
Answer Stats
Picture Answer % Correct
Harry Potter and the Chamber of Secrets
90%
Harry Potter and the Philosopher's Stone
90%
Harry Potter and the Prisoner of Azkaban
90%
Harry Potter and the Order of the Phoenix
70%
Harry Potter and the Goblet of Fire
65%
Harry Potter and the Half-Blood Prince
65%
Harry Potter and the Deathly Hallows Part 1
60%
Harry Potter and the Deathly Hallows Part 2
60%
No matching quizzes found
Score Distribution
Percent of People with Each Score
Percentile by Number Answered
Your Score History
You have not taken this quiz